On the recording and presentation of phenological phenomena in plant communities = English translation of Zur Aufnahme und Darstellung phanologischer Erscheinungen in Pflanzengesellschaften /

Bibliographic Details
Main Author: Dierschke, Helmut
Format: Book
Language:English
German
Published: [Ottawa] : [Fisheries and Environment Canada], [1977?]
Subjects:

MARC

Tag First Indicator Second Indicator Subfields
LEADER 00000cam a2200000 a 4500
001 in00000069615
005 20151008054519.0
008 770620s1977 onca b f00010 eng d
035 |a (OCoLC)03055194 
035 |9 AAJ0881AM 
040 |a UIU  |c UIU  |d TXA  |d UtOrBLW 
041 1 |a eng  |a ger 
049 |a TXAM  |c [1481832], 2 [1481833] 
090 |a QK914  |b .D5313 1977 
092 |a 581.5  |b D56o 
100 1 |a Dierschke, Helmut. 
245 1 0 |a On the recording and presentation of phenological phenomena in plant communities =  |b English translation of Zur Aufnahme und Darstellung phanologischer Erscheinungen in Pflanzengesellschaften /  |c by Helmut Dierschke ; translated by Runhild E. Wessell and Stephen S. Talbott. 
246 3 1 |a English translation of Zur Aufnahme und Darstellung phanologischer Erscheinungen in Pflanzengesellschaften  
264 1 |a [Ottawa] :  |b [Fisheries and Environment Canada],  |c [1977?] 
300 |a 22 pages :  |b illustrations ;  |c 28 cm. 
336 |a text  |b txt  |2 rdacontent 
337 |a unmediated  |b n  |2 rdamedia 
338 |a volume  |b nc  |2 rdacarrier 
500 |a German original first published in International Symposium for Vegetation Science, 1970, Basic problems and methods in phytosociology : The Hague : Junk, 1972. 
500 |a Summary also in French. 
504 |a Bibliography: pages 13-14. 
650 0 |a Plant phenology. 
650 0 |a Plant communities. 
999 |a MARS 
999 f f |s 7f48e56e-c533-3ca7-b540-b88376367629  |i dff1e2f2-9257-32a4-bedb-795662e1beee  |t 0 
952 f f |p ric  |a Texas A&M University  |b Rellis Campus  |c Joint Library Facility  |s JLF  |d Remote Storage  |t 0  |e QK914 .D5313 1977  |h Library of Congress classification  |i unmediated -- volume  |m A14806219581 
998 f f |a QK914 .D5313 1977  |t 0  |l Remote Storage